All of the Olympic Swimming Events - Statistics

General Stats
  • This quiz has been taken 1,268 times
  • The average score is 12 of 14
Answer Stats
Hint Answer % Correct
7. 100m Freestyle
97%
14. 100m Butterfly
94%
6. 200m Freestyle
94%
12. 100m Backstroke
93%
10. 100m Breaststroke
91%
11. 200m Backstroke
91%
13. 200m Butterfly
91%
8. 50m Freestyle
91%
5. 400m Freestyle
90%
9. 200m Breaststroke
89%
4. 800m Freestyle
84%
1. 400m Individual Medley
79%
3. 1500m Freestyle
78%
2. 200m Individual Medley
73%
No matching quizzes found
Score Distribution
Percent of People with Each Score
Percentile by Number Answered
Your Score History
You have not taken this quiz